00410nam a2200157Ia 450000500170000000800460001703700120006304000200007504100130009508400260010810000160013424500420015026000370019230000100022936500130023920250923150020.0008 250917s9999 xx 000 0 eng d aTextual aDSWLbengcDSWL aeng2eng aY15:4371.2, N98qDSWL aAhuja, Ram  0aViolence against womenc by Ram Ahuja aRawat bRawat Publicationsc1998 a310p. aINRb500